000 01072nam a2200313 i 4500
003 EG-GICUC
005 20260127094656.0
008 260127s2004 fr ||||fr|||| 000 0 fre d
020 _a2913397492
040 _aEG-GiCUC
_bfre
_cEG-GiCUC
_dEG-GiCUC
_eRda
041 0 _afre
082 0 4 _221
_a341.851
_bDE . A
092 0 4 _221
099 _aLaw1 12 341.851 DE . A 2004
100 1 _aDe Fontmichel, Alexandre Court
_eAuteur
245 1 0 _aL'arbitre, Le Juge Et Les Pratiques Illicites Du Commerce International /
_cAlexandre Court De Fontmichel.
264 1 _aParis :
_bL.g.d.j. Diffuseur,
_c2004.
300 _a453 page,
_c 24 cm.
_billustration ;
336 _2rda contenu
_a texte
337 _2rda medias
_aOrdinateur
338 _2 transporteur rda
_a Ressource en ligne
490 _aUniversité Pantheon-assas
504 _acomprend des références bibliographiques
546 _aTexte en français
650 1 4 _aDroit international privé
856 4 0 _uhttps://fll.law.cu.edu.eg/fulltext/bks/B12-01777.pdf
905 _a48
942 _2ddc
_cBK
_e21
_n0
999 _c59551
_d59551